| 000 | 00755cam a2200241 4500 | ||
|---|---|---|---|
| 999 |
_c234581 _d234581 |
||
| 001 | 794568 | ||
| 003 | Nust | ||
| 005 | 20170324124322.0 | ||
| 008 | 741003s1973 nyua 000 0 eng | ||
| 010 | _a 74182285 | ||
| 020 | _a9788129110466 | ||
| 040 |
_aDLC _cDLC _dDLC |
||
| 050 | 0 | 0 |
_aBP189.62 _b.S5 1973b |
| 082 | 0 | 0 |
_a828.91408 _bSHA |
| 100 | 1 |
_aShah, Idries, _d1924-1996. |
|
| 245 | 1 | 4 |
_aThe subtleties of the inimitable Mulla Nasrudin, _cby Idries Shah. Drawings by Richard Williams and Richard Purdum. |
| 250 | _a[1st ed.] | ||
| 260 |
_aNew York, _bDutton, _c1973. |
||
| 300 |
_a102 p. _billus. _c19 cm. |
||
| 350 | _a$1.95 | ||
| 650 | 0 | _aSufism. | |
| 906 |
_a7 _bcbc _corignew _d2 _encip _f19 _gy-gencatlg |
||
| 942 |
_2ddc _cBK |
||